{"text_format":"3","workbook":"xlsx","n_sheets":4,"sheets":["询价目录","Sheet1","Sheet2","Sheet3"],"read":"whole","date_system":"1900"}

{"sheet":"询价目录","index":0,"n_rows":32,"n_cols":8,"rows_kept":32,"merged":[[0,0,0,7]]}
["玉溪市中医医院一批后勤物资询价目录 "]
["序号","商品名","单位","预计需求量","最高限价","合计","规格要求","备注"]
[1,"灭蚊器","盒",50,{"v":19,"d":"19.00"},{"$f":"D3*E3","v":{"v":950,"d":"950.00"}}]
[2,"灭蚊片","盒",100,{"v":15,"d":"15.00"},{"v":1500,"d":"1500.00"}]
[3,"透明胶带（黄色）","卷",60,{"v":0.6,"d":"0.60"},{"v":36,"d":"36.00"}]
[4,"打火机","个",50,{"v":0.7,"d":"0.70"},{"v":35,"d":"35.00"}]
[5,"毛巾","块",100,{"v":9,"d":"9.00"},{"v":900,"d":"900.00"},"75*35CM，执行标准：GB/T22864-2009、安全类别：GB18401-2010（B类）"]
[6,"方巾","块",80,{"v":7,"d":"7.00"},{"v":560,"d":"560.00"},"34*34CM，执行标准：GB/T22864-2009、安全类别：GB18401-2010（B类）"]
[7,"保鲜膜","卷",80,{"v":45,"d":"45.00"},{"v":3600,"d":"3600.00"},"45厘米*400米/卷，不含18p塑化剂，符合：GB9685-2008、GB9681-88卫生\n标准）"]
[8,"洗衣粉（1.36公斤左右）","包",30,{"v":12,"d":"12.00"},{"v":360,"d":"360.00"}]
[9,"肥皂","块",50,{"v":3.6,"d":"3.60"},{"v":180,"d":"180.00"}]
[10,"洗洁精（2公斤）","桶",20,{"v":16,"d":"16.00"},{"v":320,"d":"320.00"}]
[11,"订书机","盒",10,{"v":16,"d":"16.00"},{"v":160,"d":"160.00"}]
[12,"厚层订书钉","盒",30,{"v":6,"d":"6.00"},{"v":180,"d":"180.00"}]
[13,"中性笔芯（黑）","盒/20支",10,{"$f":"0.55*20","v":{"v":11,"d":"11.00"}},{"v":110,"d":"110.00"}]
[14,"中性笔（黑）","盒/12支",50,{"$f":"12*0.8","v":{"v":9.6,"d":"9.60"}},{"v":480,"d":"480.00"}]
[15,"中性笔（红）","盒/12支",10,{"$f":"12*0.8","v":{"v":9.6,"d":"9.60"}},{"v":96,"d":"96.00"}]
[16,"按动笔（墨蓝）","盒/12支",50,{"$f":"12*1.8","v":{"v":21.6,"d":"21.60"}},{"v":1080,"d":"1080.00"}]
[17,"按动笔芯（墨蓝）","盒/20支",30,{"$f":"20*0.4","v":{"v":8,"d":"8.00"}},{"v":240,"d":"240.00"}]
[18,"圆珠笔","盒/12支",60,{"$f":"12*0.7","v":{"v":8.4,"d":"8.40"}},{"v":504,"d":"504.00"}]
[19,"橡筋","包",10,{"v":20,"d":"20.00"},{"v":200,"d":"200.00"}]
[20,"白板笔","支",100,{"v":1.1,"d":"1.10"},{"v":110,"d":"110.00"}]
[21,"7号电池","支",100,{"v":2.3,"d":"2.30"},{"v":230,"d":"230.00"}]
[22,"电脑针式压感打印纸","盒",100,{"v":55,"d":"55.00"},{"v":5500,"d":"5500.00"},"241一层二等分，核心参数要求：不低于1000页/盒，不卡纸，易撕，不撕边"]
[23,"电脑针式压感打印纸","盒",15,{"v":55,"d":"55.00"},{"v":825,"d":"825.00"},"241二层二等分，核心参数要求：不低于1000页/盒，不卡纸，易撕，不撕边"]
[24,"电脑针式压感打印纸","盒",20,{"v":55,"d":"55.00"},{"v":1100,"d":"1100.00"},"241四层二等分，核心参数要求：不低于1000页/盒，不卡纸，易撕，不撕边"]
[25,"手提收纳箱","个",10,{"v":20,"d":"20.00"},{"v":200,"d":"200.00"},"345*230*185mm（左右）、PP材质，耐腐蚀，箱壁加厚"]
[26,"收纳箱","个",1,{"v":100,"d":"100.00"},{"v":100,"d":"100.00"},"750*550*500mm（左右）、带滑轮，PP材质，耐腐蚀，箱壁加厚，可堆叠"]
[27,"收纳箱","个",2,{"v":60,"d":"60.00"},{"v":120,"d":"120.00"},"630*460*410mm（80L左右）、带滑轮，PP材质，耐腐蚀，箱壁加厚，可堆叠"]
[28,"收纳箱","个",2,{"v":50,"d":"50.00"},{"v":100,"d":"100.00"},"500*360*310mm（36L左右）、带滑轮，PP材质，耐腐蚀，箱壁加厚，可堆叠"]
[29,"洗手液","瓶",360,{"v":12,"d":"12.00"},{"v":4320,"d":"4320.00"},"单瓶装按压式，500ml/瓶或500g/瓶，抑菌率≧90%，PH4-7（需提供产品技术彩页或检测报告支撑）。"]
[{"$nulls":5},{"$f":"SUM(F3:F31)","v":{"v":24096,"d":"24096.00"}}]

{"sheet":"Sheet1","index":1,"n_rows":0,"n_cols":0,"rows_kept":0}

{"sheet":"Sheet2","index":2,"n_rows":0,"n_cols":0,"rows_kept":0}

{"sheet":"Sheet3","index":3,"n_rows":0,"n_cols":0,"rows_kept":0}